| 000 | 00913nam a2200205 u 4500 | ||
|---|---|---|---|
| 001 | 000667136 | ||
| 003 | AM-YeHGA | ||
| 005 | 20250617163432.0 | ||
| 008 | 090616s1960 ai | |||||||||||||rus|d | ||
| 040 | _aAM-YeHGA | ||
| 041 | 0 | _arus | |
| 100 | 1 | _aТурбин, Борис Григорьевич | |
| 245 | 1 | 0 |
_aСельскохозяйственные машины, организация и технология производства тракторных работ / _cБ.Г. Турбин, А.Б. Лурье. |
| 260 |
_aЛенинград ; _aМосква : _bГосиздат сельскохоз. лит., _c1960. |
||
| 300 |
_a544 с. : _bрис. ; _c21 см. |
||
| 650 | 1 | 4 | _aМеханизация сельского хозяйства |
| 650 | 1 | 4 | _aСельскохозяйственные машины и орудия |
| 700 | 1 | _aЛурье, Абрам Бенцианович | |
| 090 | _c509979 | ||
| 999 |
_c506557 _d506557 |
||